[Event "ROM-ch U14 Girls"]
[Site "Calimanesti"]
[Date "2018.03.30"]
[Round "5"]
[White "Dragomir, Carmen Teodora"]
[Black "Margau, Bianca Monica"]
[Result "1-0"]
[WhiteElo "1296"]
[BlackElo "1385"]
[PlyCount "41"]
[EventDate "2018.03.27"]
[EventType "swiss"]
[EventRounds "9"]
[EventCountry "ROU"]
[SourceTitle "EXT 2019"]
[Source "ChessBase"]
[SourceDate "2018.10.10"]
[SourceVersion "1"]
[SourceVersionDate "2018.10.10"]
[SourceQuality "1"]

1. d4 d5 2. Nf3 Nf6 3. Bf4 Nbd7 4. e3 e6 5. Nbd2 b6 6. c3 Bb7 7. Bd3 Be7 8. h3 h6 9. Qe2 c5 10. 0-0 0-0 11. Ne5 Nxe5 12. dxe5 Ne4 13. Nxe4 dxe4 14. Bc2 Bg5 15. Rad1 Qe7 16. Bg3 Rad8 17. Qg4 f5 18. exf6 Rxf6 19. h4 h5 20. Qxg5 Qf7 21. Rxd8+ 1-0

[Event "ROM-ch U14 Girls"]
[Site "Calimanesti"]
[Date "2018.03.29"]
[Round "4"]
[White "Margau, Bianca Monica"]
[Black "Stan, Luciana Gabriela"]
[Result "1-0"]
[WhiteElo "1385"]
[BlackElo "1686"]
[PlyCount "45"]
[EventDate "2018.03.27"]
[EventType "swiss"]
[EventRounds "9"]
[EventCountry "ROU"]
[SourceTitle "EXT 2019"]
[Source "ChessBase"]
[SourceDate "2018.10.10"]
[SourceVersion "1"]
[SourceVersionDate "2018.10.10"]
[SourceQuality "1"]

1. e4 c5 2. Nf3 e6 3. d4 cxd4 4. Nxd4 a6 5. Nc3 Qc7 6. Be3 Nf6 7. f3 Bb4 8. Qd2 d5 9. a3 Bxc3 10. bxc3 dxe4 11. Be2 0-0 12. 0-0 Rd8 13. Bg5 exf3 14. Rxf3 Nbd7 15. Qe3 b5 16. Raf1 Bb7 17. Rg3 Kf8 18. Bxf6 Nxf6 19. Qg5 Ke7 20. Qxg7 Qe5 21. Rg5 Rg8 22. Rxe5 Rxg7 23. Nf5+ 1-0

[Event "ROM-ch U14 Girls"]
[Site "Calimanesti"]
[Date "2018.03.27"]
[Round "1"]
[White "Trifoi, Mihaela Ioana"]
[Black "Margau, Bianca Monica"]
[Result "1-0"]
[WhiteElo "1834"]
[BlackElo "1385"]
[PlyCount "165"]
[EventDate "2018.03.27"]
[EventType "swiss"]
[EventRounds "9"]
[EventCountry "ROU"]
[SourceTitle "EXT 2019"]
[Source "ChessBase"]
[SourceDate "2018.10.10"]
[SourceVersion "1"]
[SourceVersionDate "2018.10.10"]
[SourceQuality "1"]

1. e4 e5 2. Nf3 Nc6 3. Bc4 Bc5 4. Bb3 Nf6 5. d3 h6 6. 0-0 0-0 7. h3 d6 8. c3 Be6 9. Bc2 Bb6 10. Nbd2 Ne7 11. Re1 Ng6 12. Nf1 Nf4 13. d4 Ng6 14. Ng3 Re8 15. a3 c5 16. Nf5 Qd7 17. Ng3 Qc7 18. Be3 Rac8 19. Rc1 Red8 20. d5 Bd7 21. Nh2 Nf4 22. Qf3 Ng6 23. Nh5 Nxh5 24. Qxh5 Be8 25. Qf3 Qe7 26. Ng4 Bd7 27. g3 c4 28. Bd2 Nf8 29. Kg2 Nh7 30. h4 Bxg4 31. Qxg4 Nf6 32. Qe2 Qc7 33. f4 Qc5 34. fxe5 dxe5 35. Rf1 Qe7 36. Qf3 Rd6 37. Rcd1 Nd7 38. Bc1 Rg6 39. Kh2 Rd8 40. b3 cxb3 41. Bxb3 Nc5 42. Bc2 Rdd6 43. Qe2 Rgf6 44. Rxf6 Rxf6 45. Rf1 Nd7 46. Rxf6 Nxf6 47. Kg2 Qc5 48. Qe1 Kf8 49. Bd3 Ng4 50. a4 Ne3+ 51. Bxe3 Qxe3 52. Qxe3 Bxe3 53. Kf3 Bb6 54. Kg4 Ke7 55. h5 Kf6 56. Bb5 Ba5 57. c4 Bb6 58. Bd7 Bc7 59. c5 Ba5 60. Bc8 Bb4 61. c6 bxc6 62. dxc6 Bd6 63. Kf3 Bc7 64. Ke3 Ke7 65. Kd3 Kd6 66. Bd7 Kc5 67. Kc3 a5 68. Be8 f6 69. Bf7 Kxc6 70. Kd3 Kc5 71. Ke3 Kb4 72. Be8 Kc4 73. Kf3 Bd6 74. Kg4 Kd4 75. Kf5 Bf8 76. Bg6 Ke3 77. Ke6 Kf3 78. Kf7 Bc5 79. Kxg7 Kg4 80. Kxh6 Bf8+ 81. Kh7 Kg5 82. Kg8 Bh6 83. Kf7 1-0

[Event "ROM-ch U12 Girls"]
[Site "Baile Felix"]
[Date "2017.02.04"]
[Round "3"]
[White "Bira, Andrada Paraschiva"]
[Black "Margau, Bianca Monica"]
[Result "1/2-1/2"]
[WhiteElo "1058"]
[BlackElo "1241"]
[PlyCount "89"]
[EventDate "2017.02.02"]
[EventType "swiss"]
[EventRounds "9"]
[EventCountry "ROU"]
[SourceTitle "CBM 176 Extra"]
[Source "ChessBase"]
[SourceDate "2017.03.02"]
[SourceVersion "1"]
[SourceVersionDate "2017.03.02"]
[SourceQuality "1"]

1. e4 c5 2. Nf3 Nc6 3. d4 cxd4 4. Nxd4 g6 5. Nc3 Bg7 6. Be3 Nf6 7. Be2 0-0 8. 0-0 d6 9. Re1 Bd7 10. Qd2 a6 11. Rad1 b5 12. f3 Rc8 13. Nb3 Ne5 14. Nd4 Nc4 15. Bxc4 bxc4 16. Kh1 Qa5 17. a3 Rb8 18. Rb1 Rfc8 19. Nd5 Qxd2 20. Nxe7+ Kf8 21. Bxd2 Kxe7 22. Bc3 Kf8 23. Bb4 Kg8 24. Bxd6 Rb6 25. e5 Nd5 26. Ne2 Bf5 27. Nc3 Nxc3 28. bxc3 Rxb1 29. Rxb1 Bxc2 30. Rb6 Ra8 31. Kg1 Bh6 32. Rc6 Bd3 33. Bc5 Bd2 34. Bd4 Kg7 35. e6+ Kf8 36. exf7 Kxf7 37. Rc7+ Ke6 38. Rxh7 Kf5 39. Rf7+ Ke6 40. Rc7 Kf5 41. Rf7+ Ke6 42. Rc7 Rb8 43. Rc6+ Kf5 44. Rc5+ Kf4 45. Kf2 1/2-1/2

[Event "ROM-ch U12 Girls"]
[Site "Calimanesti Caciulata"]
[Date "2016.04.22"]
[Round "6"]
[White "Margau, Bianca Monica"]
[Black "Huszti, Diana Maria"]
[Result "1/2-1/2"]
[WhiteElo "1279"]
[BlackElo "1196"]
[PlyCount "63"]
[EventDate "2016.04.18"]
[EventType "swiss"]
[EventRounds "9"]
[EventCountry "ROU"]
[SourceTitle "CBM 172 Extra"]
[Source "ChessBase"]
[SourceDate "2016.06.21"]
[SourceVersion "1"]
[SourceVersionDate "2016.06.21"]
[SourceQuality "1"]

1. e4 e5 2. Nf3 Nc6 3. Bb5 a6 4. Ba4 b5 5. Bb3 Bb7 6. 0-0 Nf6 7. d3 Be7 8. c3 d5 9. exd5 Nxd5 10. d4 Qd6 11. Re1 Bf6 12. Nbd2 0-0 13. Nf1 Rfe8 14. dxe5 Nxe5 15. Ng3 Nxf3+ 16. gxf3 Bh4 17. Bd2 Qg6 18. c4 Nf6 19. Bc2 Rxe1+ 20. Bxe1 Qg5 21. cxb5 axb5 22. Qd3 Qc5 23. Bc3 Bxg3 24. hxg3 Qh5 25. Rd1 Rf8 26. Kg2 Re8 27. a4 bxa4 28. Bxa4 Rf8 29. Bb4 Ra8 30. Bb5 g6 31. Rc1 Nd5 32. Bd2 1/2-1/2

[Event "ROM-ch U10 Girls"]
[Site "Calimanesti"]
[Date "2015.04.02"]
[Round "5"]
[White "Sarga, Larisa Maria"]
[Black "Margau, Bianca Monica"]
[Result "1-0"]
[WhiteElo "1001"]
[BlackElo "1001"]
[PlyCount "59"]
[EventDate "2015.03.30"]
[EventType "swiss"]
[EventRounds "9"]
[EventCountry "ROU"]
[SourceTitle "CBM 165 Extra"]
[Source "ChessBase"]
[SourceDate "2015.04.21"]
[SourceVersion "1"]
[SourceVersionDate "2015.04.21"]
[SourceQuality "1"]

1. e4 c5 2. Nf3 Nf6 3. Nc3 Nc6 4. Bc4 e5 5. a3 d6 6. d3 Be6 7. Bxe6 fxe6 8. h3 Qd7 9. Bg5 0-0-0 10. 0-0 Re8 11. Rb1 d5 12. b4 b6 13. b5 Nd4 14. a4 Nh5 15. Nxe5 Qc7 16. Qxh5 Bd6 17. Bf4 g6 18. Qg4 Bxe5 19. Bxe5 Qxe5 20. Nxd5 Nxc2 21. Rbc1 Nd4 22. Ne3 Rhf8 23. Nc4 Qc7 24. Rcd1 Rf4 25. Qg5 Ne2+ 26. Kh1 Ref8 27. f3 R8f6 28. Rd2 Nd4 29. Rdf2 h5 30. h4 1-0